|
|
|
|
| LEADER |
00000nam0a2200000 4500 |
| 001 |
160022 |
| 005 |
20231101222145.0 |
| 010 |
|
|
|a 9785160023984
|
| 035 |
|
|
|a (RuTPU)RU\TPU\book\173542
|
| 090 |
|
|
|a 160022
|
| 100 |
|
|
|a 20090518d2009 m y0rusy50 ca
|
| 101 |
0 |
|
|a rus
|
| 102 |
|
|
|a RU
|
| 105 |
|
|
|a a j 001zy
|
| 200 |
1 |
|
|a Управление персоналом организации: стратегия, маркетинг, интернационализация
|e учебное пособие
|f А. Я. Кибанов, И. Б. Дуракова
|g Государственный университет управления (ГУУ) ; Воронежский государственный университет
|
| 210 |
|
|
|a Москва
|c Инфра-М
|d 2009
|
| 215 |
|
|
|a 301 с.
|c ил.
|
| 225 |
1 |
|
|a Высшее образование
|
| 320 |
|
|
|a Библиогр.: с. 270-274.
|
| 330 |
|
|
|a В учебном пособии рассматриваются следующие проблемы управления персоналом: кадровая стратегия и кадровое планирование организации; сущность, формирование, виды и реализация маркетинга персонала; методы обеспечения организации персоналом, новые технологии в оценке претендентов при найме; особенности управления персоналом интернациональных организаций. Для студентов, магистрантов, аспирантов, специалистов по управлению персоналом.
|
| 606 |
1 |
|
|a Персонал
|x Управление
|2 stltpush
|3 (RuTPU)RU\TPU\subj\36605
|9 57925
|
| 610 |
1 |
|
|a кадры
|
| 610 |
1 |
|
|a организация
|
| 610 |
1 |
|
|a менеджмент
|
| 610 |
1 |
|
|a кадровые стратегии
|
| 610 |
1 |
|
|a кадровые технологии
|
| 610 |
1 |
|
|a кадровая политика
|
| 610 |
1 |
|
|a кадровое планирование
|
| 610 |
1 |
|
|a кадровый контроллинг
|
| 610 |
1 |
|
|a оперативное планирование
|
| 610 |
1 |
|
|a маркетинг
|
| 610 |
1 |
|
|a хэдхантинг
|
| 610 |
1 |
|
|a интернациональные предприятия
|
| 610 |
1 |
|
|a учебные пособия
|
| 686 |
|
|
|a У9(2)240я73
|v LBC/SL-A
|2 rubbk
|
| 700 |
|
1 |
|a Кибанов
|b А. Я.
|g Ардальон Яковлевич
|
| 701 |
|
1 |
|a Дуракова
|b И. Б.
|g Ирина Борисовна
|
| 712 |
0 |
2 |
|a Государственный университет управления (ГУУ)
|c (Москва)
|c (1998- )
|2 stltpush
|3 (RuTPU)RU\TPU\col\23
|
| 712 |
0 |
2 |
|a Воронежский государственный университет
|2 stltpush
|3 (RuTPU)RU\TPU\col\4805
|9 24026
|
| 801 |
|
1 |
|a RU
|b 63413507
|c 20090518
|g PSBO
|
| 801 |
|
2 |
|a RU
|b 63413507
|c 20140326
|g RCR
|
| 900 |
|
|
|a Организационное проектирование
|
| 900 |
|
|
|a Управление персоналом
|
| 900 |
|
|
|a Кадровое планирование
|
| 942 |
|
|
|c BK
|
| 959 |
|
|
|a 58/20090508
|d 1
|e 262,40
|f ЧЗГЛ:1
|